00559nam a2200169Ia 4500999001700000082001500017245003500032260004500067300001500112650003100127650001400158650003600172650003000208700002100238942000700259952012300266 c15305d15305 a954.04 IN; 0aIndia : democracy and violence aNew DelhibOxford University Pressc2015 aviii, 258p aPOLITICAL VIOLENCE - INDIA aDEMOCRACY aINDIA - POLITICS AND GOVERNMENT aINDIA - HISTORY - 1947-71 aDas, Samir Kumar cBK 00104070aNASSDOCbNASSDOCd2016-03-21eAAKARi2016-03-08l0o954.04 IN;p48925r2019-04-18 00:00:00w2019-04-18yBK